=LDR 00000nam 2200000 4500 =001 INLIS000000000063845 =005 20240725022935 =035 ##$$a 0010-0724000142 =007 ta =008 240725################d##########f#ind## =020 ##$$a 978--602-02-9856-6 =082 ##$$a 899.221 3 =084 ##$$a 899.221 3 NEN p =100 #$$a Neni Jahar =245 1#$$a Protect the Princess /$c Neni Jahar; editor, M.L Anindya Larasati =260 ##$$a Jakarta :$b Elex Media Computindo,$c 2017 =300 ##$$a 193 hlm. ; $c 19,5 cm =650 #4$$a Fiksi Indonesia =700 #$$a M.L Anindya Larasati (editor) =990 ##$$a 3202401402